=LDR 00000nam 2200000 4500 =001 INLIS000000000029198 =005 20200825082427 =035 ##$$a 0010-061300000029198 =008 200825###########################0###### =041 ##$$a Ind =082 ##$$a 2x3.01 =090 ##$$a 2x3.01, Abb i =100 ##$$a Abbas, Sirayuddin, KH =245 1#$$a Itiqad ahlussunnah wal jamaah, KH Sirahuddin Abbas =260 ##$$a 2006 :$b Jakarta =300 ##$$a xvii, 422 hlm, 20 cm =650 #4$$a Ahlussunnah Wal jama'ah =850 ##$$a NBPNMAT